000 00853nam a2200217Ia 4500
003 GCL
008 140319s9999 xx 000 0 ara d
040 _aGCL /
_cGCL
082 0 4 _a327.73
_bح س
100 1 _aحسين شريف
245 1 0 _aالسياسة الخارجية الامريكية اتجاهاتها وتطبيقاتها وتحدياتها /
_cحسين شريف
260 _aالقاهرة :
_bالهيئة المصرية العامة للكتاب ،
_c1994
300 _a737 ص ؛
_c22 سم
490 _a
650 0 4 _aالولايات المتحدة الامريكية
650 0 4 _aالعلاقات الخارجية
650 0 4 _aالنظام العالمى الحديث
650 0 4 _aالحرب العالمية الاولى 1914- 1918
650 0 4 _aالحرب العالمية الثانية 1939 - 1945
942 _2ddc
_cBK
999 _c30384
_d30384